000 00417nam a2200145Ia 4500
008 100204s9999 xx 000 0 und d
082 _b7981
100 _aशहा प्र. पो.
245 _aवायरमन
260 _b"अरुणा प्रकाश शहा, पुणे 11"
_c1985 7
300 _a288
630 _aवायरमन
730 _aवायरमन
942 _cBOOK
999 _c452417
_d452414